000 00603nam a2200205 i 4500
001 98302
003 ES-MaACL
005 20230906182244.0
007 t|
008 050728s1926 sp ||||1| spa d
100 1 _aMartín, Anastasio.
_977263
245 1 0 _aManual teórico-práctico del encuadernador /
_cpor Anastasio Martín.
250 _a2ª ed.
260 _aBarcelona :
_bSarriá,
_c1926.
300 _a204 p. :
_bil. ;
_c22 cm.
490 1 _aBiblioteca profesional salesiana
830 0 _aBiblioteca profesional salesiana
_9184465
852 _aES-MaACL
_jA-621
999 _c98302
_d98302